<?xml version="1.0" encoding="UTF-8"?>
<collection xmlns="http://www.loc.gov/MARC21/slim">
<record>
  <controlfield tag="001">7455</controlfield>
  <controlfield tag="005">20250204104657.0</controlfield>
  <datafield tag="024" ind1="7" ind2=" ">
    <subfield code="a">10.25518/0037-9565.11741</subfield>
    <subfield code="2">DOI</subfield>
  </datafield>
  <datafield tag="037" ind1=" " ind2=" ">
    <subfield code="a">SCART-2025-0086</subfield>
  </datafield>
  <datafield tag="100" ind1=" " ind2=" ">
    <subfield code="a">Mahy, L</subfield>
  </datafield>
  <datafield tag="245" ind1=" " ind2=" ">
    <subfield code="a">Identifying Quiescent Compact Objects in Massive Galactic Single-lined Spectroscopic Binaries</subfield>
  </datafield>
  <datafield tag="260" ind1=" " ind2=" ">
    <subfield code="c">2024</subfield>
  </datafield>
  <datafield tag="520" ind1=" " ind2=" ">
    <subfield code="a">It is now clearly established that massive stars are predominantly found in multiple systems. While their period and eccentricity distributions are now well established across different metallicity regimes, the mass-ratio distribution has been mostly limited to double-lined spectroscopic binaries. The mass-ratio distribution therefore remains subject to significant uncertainties and open questions encompass the shape and extend of the companion mass-function towards its low-mass end and the nature of undetected companions in single-lined spectroscopic binaries, i.e. low-mass main-sequence stars, binary interaction products, compact objects, etc. We have conducted a large and systematic analysis of a sample of more than 80 single-line O-type spectroscopic binaries in the Milky Way and in the Large Magellanic Cloud using a sophisticated multi-technique, and multi-wavelength approach. We report on the developed methodology, the constraints obtained on the nature of SB1 companions, the distribution of O star mass-ratios at LMC metallicity and the occurrence of quiescent OB+black hole binaries.</subfield>
  </datafield>
  <datafield tag="594" ind1=" " ind2=" ">
    <subfield code="a">NO</subfield>
  </datafield>
  <datafield tag="773" ind1=" " ind2=" ">
    <subfield code="p">Bulletin de la Société Royale des Sciences de Liège</subfield>
    <subfield code="v">93</subfield>
    <subfield code="y">2024</subfield>
    <subfield code="n">2</subfield>
    <subfield code="c">437-444</subfield>
  </datafield>
  <datafield tag="856" ind1="0" ind2=" ">
    <subfield code="f">laurent.mahy@ksb-orb.be</subfield>
  </datafield>
  <datafield tag="856" ind1="4" ind2=" ">
    <subfield code="s">193340</subfield>
    <subfield code="u">http://publi2-as.oma.be/record/7455/files/Mahy_bsrsl_2024.pdf</subfield>
  </datafield>
  <datafield tag="856" ind1="4" ind2=" ">
    <subfield code="s">2939</subfield>
    <subfield code="u">http://publi2-as.oma.be/record/7455/files/Mahy_bsrsl_2024.jpg?subformat=icon-180</subfield>
    <subfield code="x">icon-180</subfield>
  </datafield>
  <datafield tag="856" ind1="4" ind2=" ">
    <subfield code="s">3185</subfield>
    <subfield code="u">http://publi2-as.oma.be/record/7455/files/Mahy_bsrsl_2024.gif?subformat=icon</subfield>
    <subfield code="x">icon</subfield>
  </datafield>
  <datafield tag="905" ind1=" " ind2=" ">
    <subfield code="a">published in</subfield>
  </datafield>
  <datafield tag="980" ind1=" " ind2=" ">
    <subfield code="a">REFERD</subfield>
  </datafield>
</record>
</collection>